Fertilisers, organic manures, recyclable wastes and biofertilisers : (Record no. 318924)
[ view plain ]
| 000 -LEADER | |
|---|---|
| fixed length control field | 01088nam a2200337 a 4500 |
| 001 - CONTROL NUMBER | |
| control field | vtls000363036 |
| 003 - CONTROL NUMBER IDENTIFIER | |
| control field | NLI |
| 005 - DATE AND TIME OF LATEST TRANSACTION | |
| control field | 20210602172527.0 |
| 008 - FIXED-LENGTH DATA ELEMENTS--GENERAL INFORMATION | |
| fixed length control field | 110113s1992 ii d e 000 0 eng d |
| 020 ## - INTERNATIONAL STANDARD BOOK NUMBER | |
| International Standard Book Number | 8185116172 (pbk) |
| Terms of availability | Rs. 170.00 |
| 039 #9 - LEVEL OF BIBLIOGRAPHIC CONTROL AND CODING DETAIL [OBSOLETE] | |
| -- | 201101132132 |
| -- | VLOAD |
| 040 ## - CATALOGING SOURCE | |
| Original cataloging agency | NLI : |
| Language of cataloging | eng |
| Transcribing agency | NLMARC21 |
| 041 0# - LANGUAGE CODE | |
| Language code of text/sound track or separate title | eng |
| 044 ## - COUNTRY OF PUBLISHING/PRODUCING ENTITY CODE | |
| MARC country code | ii |
| 082 04 - DEWEY DECIMAL CLASSIFICATION NUMBER | |
| Classification number | 631.8 |
| Edition number | 22 |
| 245 00 - TITLE STATEMENT | |
| Title | Fertilisers, organic manures, recyclable wastes and biofertilisers : |
| Remainder of title | components of integrated plant nutrition/ |
| Statement of responsibility, etc. | edited by H.L.S. Tandon |
| 260 ## - PUBLICATION, DISTRIBUTION, ETC. | |
| Place of publication, distribution, etc. | New Delhi : |
| Name of publisher, distributor, etc. | Fertiliser Development and Consultation Organisation, |
| Date of publication, distribution, etc. | 1992 |
| 300 ## - PHYSICAL DESCRIPTION | |
| Extent | [8], 148 p.; |
| Dimensions | 23 cm. |
| 504 ## - BIBLIOGRAPHY, ETC. NOTE | |
| Bibliography, etc. note | Includes references |
| 650 #0 - SUBJECT ADDED ENTRY--TOPICAL TERM | |
| Topical term or geographic name entry element | Fertilizers |
| 9 (RLIN) | 15674 |
| 650 #0 - SUBJECT ADDED ENTRY--TOPICAL TERM | |
| Topical term or geographic name entry element | Biofertilizers |
| 650 #0 - SUBJECT ADDED ENTRY--TOPICAL TERM | |
| Topical term or geographic name entry element | Waste products as fertilizer |
| 9 (RLIN) | 535122 |
| 700 ## - ADDED ENTRY--PERSONAL NAME | |
| Personal name | Tandon, H.L.S. |
| Fuller form of name | Hari Lal Singh |
| Dates associated with a name | 1943- |
| Relationship | edt |
| 9 (RLIN) | 353478 |
| 887 ## - NON-MARC INFORMATION FIELD | |
| Content of non-MARC field | tapas |
| 901 ## - LOCAL DATA ELEMENT A, LDA (RLIN) | |
| a | DB62015 |
| b | 14.7.92 |
| 902 ## - LOCAL DATA ELEMENT B, LDB (RLIN) | |
| a | E 631.8 F 418 tan |
| 904 ## - LOCAL DATA ELEMENT D, LDD (RLIN) | |
| a | tapas |
| 942 ## - ADDED ENTRY ELEMENTS (KOHA) | |
| Source of classification or shelving scheme | Dewey Decimal Classification |
| Koha item type | Books |
| 949 ## - LOCAL PROCESSING INFORMATION (OCLC) | |
| -- | VIRTUAITEM |
| -- | 10000 |
| -- | 100 |
| 6 | DBA000062015ENG |
| Withdrawn status | Lost status | Damaged status | Not for loan | Collection code | Home library | Current library | Shelving location | Date acquired | Total Checkouts | Full call number | Barcode | Date last seen | Price effective from | Koha item type |
|---|---|---|---|---|---|---|---|---|---|---|---|---|---|---|
| New English | National Library of India | National Library of India | New English - Main Stack Division | E 631.8 F 418 tan | DBA000062015ENG | 02/06/2021 | 02/06/2021 | Books |
